000 00883nam a22002777a 4500
001 BR7401029
003 BR-BrBNA
005 20230928084544.0
007 ta
008 230509b bl.||||| |||| 00| 0 por d
040 _aBR-BrBNA
_bpor
_cBiblioteca Nacional de Agricultura
041 _a(Por)
072 _aE10
_b0430
090 _ 0430 BR7401029
100 1 _aVieira Filho, F.
110 1 _aSecretaria da Agricultura, Industria e Commercio do Estado de Sao Paulo, Sao Paulo (Brasil). Directoria de Publicidade Agricola
245 1 _aA reprensagem do algodao; os fardos cortados pelo ar (air-cut bale)
260 3 _aSao Paulo, SP (Brasil):
_c1939.
300 _a37 p.
500 _aReprint of "Boletim de Agricultura" serial 39, 1938
650 _aALGODAO
650 _aPRENSAGEM
650 _aINDUSTRIALIZACAO
909 _a202309
_bLucia
_c55
_dLucia Elande
942 _cBK
999 _c19722
_d19722